000
00325nam a22001337a 4500
008
170919b xxu||||| |||| 00| 0 eng d
020
_a
0962106119
041
_a
eng
080
_a
7
100
_a
44
101
_a
ART
245
_a
MASTERWORKS OF MING AND QING PAINTING FROM THE FORBIDDEN CITY
_c
ROGERS, H
942
_2
udc
_c
BK
999
_c
28136
_d
28136